|
|
|
|
| LEADER |
01566nam a2200421Ia 4500 |
| 001 |
EBC1020547 |
| 003 |
MiAaPQ |
| 005 |
20200520144314.0 |
| 006 |
m o d | |
| 007 |
cr cn||||||||| |
| 008 |
090115s2009 sz a s 000 0 fre d |
| 010 |
|
|
|z 2009920866
|
| 020 |
|
|
|z 9783034608596
|
| 020 |
|
|
|z 9783764399450 (pbk.)
|
| 020 |
|
|
|z 3764399457 (pbk.)
|
| 035 |
|
|
|a (MiAaPQ)EBC1020547
|
| 035 |
|
|
|a (Au-PeEL)EBL1020547
|
| 035 |
|
|
|a (CaPaEBR)ebr10634412
|
| 035 |
|
|
|a (CaONFJC)MIL503211
|
| 035 |
|
|
|a (OCoLC)823384316
|
| 040 |
|
|
|a MiAaPQ
|c MiAaPQ
|d MiAaPQ
|
| 041 |
1 |
|
|a fre
|a eng
|h fre
|
| 050 |
|
4 |
|a NA1353.B39
|b A4 2009
|
| 100 |
1 |
|
|a Marchand, Bruno.
|
| 245 |
1 |
0 |
|a Quartier Ecoparc
|h [electronic resource] :
|b Bauart #2 /
|c avec un essai de = with an essay by Bruno Marchand.
|
| 260 |
|
|
|a Basel ;
|a Boston :
|b Birkhauser,
|c 2009.
|
| 300 |
|
|
|a 116 p. :
|b col. ill.
|
| 533 |
|
|
|a Electronic reproduction. Ann Arbor, MI : ProQuest, 2015. Available via World Wide Web. Access may be limited to ProQuest affiliated libraries.
|
| 546 |
|
|
|a Parallel text in French and English.
|
| 610 |
2 |
0 |
|a Bauart Architekten.
|
| 650 |
|
0 |
|a Office buildings
|z Switzerland
|z Neuchatel.
|
| 650 |
|
0 |
|a City planning
|z Switzerland
|z Neuchatel.
|
| 650 |
|
0 |
|a Community development
|z Switzerland
|z Neuchatel.
|
| 650 |
|
0 |
|a Neighborhood planning
|z Switzerland
|z Neuchatel.
|
| 651 |
|
0 |
|a Neuchatel (Switzerland)
|
| 655 |
|
4 |
|a Electronic books.
|
| 710 |
2 |
|
|a ProQuest (Firm)
|
| 856 |
4 |
0 |
|u https://ebookcentral.proquest.com/lib/matrademy/detail.action?docID=1020547
|z Click to View
|